| 000 | 00424nam a22001697a 4500 | ||
|---|---|---|---|
| 999 |
_c523684 _d523684 |
||
| 003 | NUST | ||
| 038 | _awaseem | ||
| 082 |
_a109 _bAHM |
||
| 100 |
_aAhmed, Ahsaan _914458 |
||
| 245 |
_aTarikh-e-Falsafa / _cAhsaan Ahmed |
||
| 260 |
_aLahore : _bBook Home, _c2003. |
||
| 300 | _a184 p. ; | ||
| 500 | _aHardcover. | ||
| 880 |
_6100-02\R _aاحسان احمد |
||
| 880 |
_6245-02\R _aتاریخ فلسفہ / |
||
| 942 |
_2ddc _cBK |
||